00301nam a2200121Ia 4500008004100000040001700041041001200058082001900070100002300089245002300112260003400135300001000169230917s9999||||xx |||||||||||||| ||und|| e158183aMAIN aEnglish a343.0944 B115M aBabel, Basanti Lal 0aMotor Vahan kanoon aJaipurbBafna Prakashanc1992 av. p.